000 00454nam a2200181Ia 4500
003 GCL
008 140319s9999 xx 000 0 eng d
040 _aGCL /
_cGCL
082 0 4 _a621.8
_bR M
100 1 _aSIROHI, R.S
245 1 0 _aMECHANICAL MEASURMENT /
_cSIROHI, R.S
700 1 _aKRISHNA, H.C RADHA
260 _a[S.N] :
_bJOHN WILEY AND SONS. INC ،
_c1991
300 _a284 P
650 0 4 _aMECHANICS
650 0 4 _aINDUSTRY
942 _2ddc
_cBK
999 _c16958
_d16958